| 000 | 01872nam a2200337 a 4500 | ||
|---|---|---|---|
| 999 |
_c472177 _d472177 |
||
| 003 | BLK | ||
| 005 | 20250318130854.0 | ||
| 008 | 180411b bul|||||r ||||||| ||bul|| | ||
| 010 | _aKNG00193576000 | ||
| 020 | _a9786192290672 | ||
| 040 | _aBLK | ||
| 041 |
_aBUL _cBUL |
||
| 080 |
_aНародни вярвания. Народни обичаи. Суеверия. Поверия _b398.3 _z398.3 |
||
| 080 |
_aПриложна ботаника. Икономическа ботаника. Диворастящи лекарствени растения и др. _b581.6 _z581.6 |
||
| 080 |
_aЛекарствени средства от растителен произход. Подразделя се със знак за отношение :582; :633/635; :665.3 _b615.322 _z615.322 |
||
| 100 |
_aМишев, Георги _eпърви автор _9427544 |
||
| 139 |
_aМишев, Георги и др. _bМ 76 |
||
| 245 | 1 | 0 |
_a77 и половина чудни растения _bНародна вяра, магия и лечение _cГеорги Мишев, Елионора Недялкова ; дизайн и кор. Георги Вълков ; фотогр. Борислава Стамболиева. |
| 260 |
_bРакета _c2021 _aСофия _9217388 _n978-954-28- _dимпринт на БГ книга |
||
| 300 |
_a256 с. _c26 см |
||
| 380 | _a3 | ||
| 650 | 7 |
_9163320 _aНародни вярвания |
|
| 650 | 0 |
_9287041 _aРастения, лечебни |
|
| 653 | 7 |
_9195527 _aрецепти |
|
| 700 |
_aНедялкова, Елионора _eавт. рецепти _9480181 |
||
| 700 | 1 |
_aВълков, Георги _eдизайн и кор. _949738 |
|
| 700 |
_aСтамболиева, Борислава _eфотогр. _91631 |
||
| 852 |
_bП _c398/М 76 Г |
||
| 942 |
_cKNG _n0 _s1 _07 |
||
| 944 |
_aCR _c2022-08-31 _k30575 _lМартин Енчев |
||